[Event "14th HZ Open"]
[Site "Vlissingen NED"]
[Date "2010.08.09"]
[Round "4"]
[White "Erdos,V"]
[Black "Tan,Mat"]
[Result "1-0"]
[WhiteElo "2592"]
[BlackElo "2381"]
[EventDate "2010.08.07"]

1. d4 Nf6 2. Nf3 c5 3. d5 b5 4. c4 Bb7 5. Qb3 Qb6 6. Nc3 bxc4 7. Qd1 d6 8.
e4 Nbd7 9. Nd2 Ba6 10. Bxc4 Bxc4 11. Nxc4 Qb4 12. Qe2 Nb6 13. Nd2 a6 14. a3
Qd4 15. Nf3 Qc4 16. Qc2 a5 17. b3 Qa6 18. a4 g6 19. Nb5 Rc8 20. Qe2 Qa8 21.
Bb2 Bg7 22. Nd2 O-O 23. Nc4 Nxc4 24. bxc4 Nh5 25. Bxg7 Nxg7 26. f4 Qb8 27.
O-O e6 28. Rab1 Rce8 29. Qd2 Qd8 30. Rbe1 exd5 31. Qxd5 Re6 32. Rd1 Qe8 33.
Nc7 Qxa4 34. Nxe6 Nxe6 35. Kh1 Nd4 36. Qxd6 Qxc4 37. Rc1 Qe2 38. f5 Qxe4
39. fxg6 hxg6 40. Rxc5 Nf5 41. Qf4 Qe2 42. Re5 Qa6 43. Ra1 Rd8 44. Rxf5 1-0

[Event "14th HZ Open"]
[Site "Vlissingen NED"]
[Date "2010.08.09"]
[Round "4"]
[White "Nijboer,F"]
[Black "De Jong,M"]
[Result "1-0"]
[WhiteElo "2582"]
[BlackElo "2358"]
[EventDate "2010.08.07"]

1. e4 e6 2. d4 d5 3. Nc3 Bb4 4. e5 c5 5. a3 Bxc3+ 6. bxc3 Qc7 7. Nf3 Ne7 8.
a4 h6 9. Bd3 b6 10. O-O Ba6 11. a5 Bxd3 12. cxd3 Qc6 13. dxc5 bxc5 14. d4
Nd7 15. dxc5 Nxc5 16. Nd4 Qd7 17. Ba3 Rc8 18. Qe2 O-O 19. Bb4 Ne4 20. f3
Nc5 21. a6 Rfd8 22. Ra5 Na4 23. Rxa4 Qxa4 24. Bxe7 Rd7 25. Bb4 Rc4 26. Qf2
Qxa6 27. f4 Qb6 28. f5 a5 29. fxe6 fxe6 30. Bd6 Rxc3 31. Kh1 Kh7 32. Qd2
Rf7 33. Rg1 Rc4 34. Nxe6 Qf2 35. Qd3+ Kg8 36. h3 Rh4 37. Nd8 Rf5 38. e6 Re4
39. Qxe4 dxe4 40. e7 e3 41. e8=Q+ Kh7 42. Qe4 1-0

[Event "14th HZ Open"]
[Site "Vlissingen NED"]
[Date "2010.08.09"]
[Round "4"]
[White "Bitalzadeh,A"]
[Black "Ikonnikov,Vy"]
[Result "0-1"]
[WhiteElo "2415"]
[BlackElo "2578"]
[EventDate "2010.08.07"]

1. d4 Nf6 2. c4 e6 3. Nc3 Bb4 4. e3 b6 5. Nge2 c5 6. a3 Ba5 7. Rb1 Na6 8.
g3 cxd4 9. exd4 Bb7 10. d5 Bxc3+ 11. Nxc3 O-O 12. Bg2 Rc8 13. O-O Rxc4 14.
dxe6 Bxg2 15. exf7+ Rxf7 16. Kxg2 d5 17. Bg5 d4 18. Qb3 Rcc7 19. Bxf6 Qxf6
20. Nd5 Qc6 21. Kg1 Nc5 22. Qc4 Rcd7 23. Nb4 Qf3 24. Rbd1 d3 25. Rde1 h5
26. Re3 Qg4 27. Qxg4 hxg4 28. Nc6 Na4 29. Re8+ Rf8 30. Ne7+ Kf7 31. Rxf8+
Kxf8 32. Nf5 Nxb2 33. Ne3 Re7 34. Nd1 Nc4 35. a4 Nd2 0-1

[Event "14th HZ Open"]
[Site "Vlissingen NED"]
[Date "2010.08.09"]
[Round "4"]
[White "Haslinger,S"]
[Black "Zelbel,P"]
[Result "0-1"]
[WhiteElo "2552"]
[BlackElo "2345"]
[EventDate "2010.08.07"]

1. e4 c5 2. Nf3 d6 3. d4 cxd4 4. Nxd4 Nf6 5. Nc3 g6 6. Be3 Bg7 7. Be2 Nc6
8. Qd2 O-O 9. O-O-O Nxd4 10. Bxd4 Be6 11. g4 Qa5 12. g5 Nd7 13. Bxg7 Kxg7
14. a3 Rab8 15. Bb5 Rfd8 16. h4 Bg4 17. Rdg1 Bh5 18. f4 Rbc8 19. Qd4+ e5
20. Qd5 Rc5 21. Qxb7 Rxc3 22. bxc3 Nc5 23. Qc6 Qxc3 24. Kb1 Rb8 25. fxe5
Rb6 26. Qe8 Na4 0-1

[Event "14th HZ Open"]
[Site "Vlissingen NED"]
[Date "2010.08.09"]
[Round "4"]
[White "Roeder,M"]
[Black "Hoffmann,Micha1"]
[Result "1/2-1/2"]
[WhiteElo "2392"]
[BlackElo "2517"]
[EventDate "2010.08.07"]

1. Nf3 Nf6 2. c4 e6 3. g3 d5 4. Bg2 dxc4 5. Qa4+ c6 6. Qxc4 b5 7. Qc2 Bb7
8. O-O Nbd7 9. b3 Be7 10. Bb2 c5 11. a4 a6 1/2-1/2

[Event "14th HZ Open"]
[Site "Vlissingen NED"]
[Date "2010.08.09"]
[Round "4"]
[White "Kuipers,S"]
[Black "Henrichs,T"]
[Result "1/2-1/2"]
[WhiteElo "2354"]
[BlackElo "2490"]
[EventDate "2010.08.07"]

1. e4 c5 2. Nf3 d6 3. d4 cxd4 4. Nxd4 Nf6 5. Nc3 a6 6. Be3 e6 7. g4 e5 8.
Nf5 h5 9. g5 Nxe4 10. Nxg7+ Bxg7 11. Nxe4 d5 12. Ng3 d4 13. Bd2 Qd5 14. Bd3
Bg4 15. Be4 Qd7 16. f3 Be6 17. h4 Nc6 18. Qe2 O-O-O 19. Qd3 Ne7 20. c3 Kb8
21. cxd4 exd4 22. f4 Bg4 23. f5 Be5 24. O-O Nd5 25. Bxd5 Qxd5 26. Rae1 Rhe8
27. f6 Bc7 28. Re7 Rxe7 29. fxe7 Re8 30. g6 Rxe7 31. Bb4 Re3 32. Qxe3 dxe3
33. gxf7 Qxf7 34. Rxf7 Bxg3 35. Kg2 Bxh4 36. Be7 Bxe7 37. Rxe7 e2 38. Kf2
Ka7 39. Rc7 Kb6 40. Rc1 a5 41. Rc3 Kb5 42. Rc7 b6 43. Rc3 Kb4 44. Rc6 Kb5
1/2-1/2

[Event "14th HZ Open"]
[Site "Vlissingen NED"]
[Date "2010.08.09"]
[Round "4"]
[White "Bezemer,A"]
[Black "Pruijssers,R"]
[Result "0-1"]
[WhiteElo "2322"]
[BlackElo "2462"]
[EventDate "2010.08.07"]

1. e4 e5 2. Nf3 Nc6 3. Bc4 Bc5 4. c3 Nf6 5. d3 a6 6. Bb3 Ba7 7. h3 d6 8.
Nbd2 O-O 9. Nf1 d5 10. Qe2 Be6 11. Bg5 dxe4 12. dxe4 h6 13. Bxe6 fxe6 14.
Be3 Nh5 15. g3 Bxe3 16. Nxe3 Qf6 17. Nh2 Qg6 18. Qg4 Qf7 19. Qe2 Nf6 20.
Neg4 Nh7 21. h4 h5 22. Ne3 Nf6 23. Nc4 Nxe4 24. O-O Qg6 25. Rae1 Rf4 26.
Kh1 Qxg3 27. Qxe4 Rxe4 28. fxg3 Rxc4 29. Nf3 Rf8 30. Ng5 Rf6 31. Rxf6 gxf6
32. Ne4 f5 33. Ng5 Rg4 34. Kg2 f4 35. Ne4 Kf7 36. Kh3 Kg6 37. gxf4 exf4 38.
Nc5 e5 39. Nxb7 Kf5 40. Nc5 f3 41. Nd3 Rg2 42. Re3 e4 0-1

[Event "14th HZ Open"]
[Site "Vlissingen NED"]
[Date "2010.08.09"]
[Round "4"]
[White "Gryson,W"]
[Black "Van den Doel,E"]
[Result "0-1"]
[WhiteElo "2223"]
[BlackElo "2591"]
[EventDate "2010.08.07"]

1. d4 g6 2. Nf3 Bg7 3. c4 d6 4. Nc3 Nf6 5. Bf4 Nh5 6. Be3 O-O 7. g3 Nd7 8.
Bg2 e5 9. Qd2 c6 10. O-O f5 11. dxe5 dxe5 12. Bg5 Qe8 13. Bh6 e4 14. Nd4
Bxh6 15. Qxh6 Ne5 16. Qc1 Be6 17. b3 Bd7 18. Nc2 Qe7 19. Qa3 Qxa3 20. Nxa3
Rfd8 21. Rfd1 Be6 22. Nc2 Kf7 23. Na4 b5 24. cxb5 cxb5 25. Nc5 Rxd1+ 26.
Rxd1 Rc8 27. b4 Bc4 28. Bf1 Nf6 29. Na3 Ke7 30. e3 a5 31. Nxb5 axb4 32.
Bxc4 Rxc5 33. Bf1 Nf3+ 34. Kg2 Ng4 35. Nd4 Nxd4 36. Rxd4 Rc2 37. Rxb4 Rxf2+
38. Kg1 Rxa2 39. Rb7+ Kf6 40. Rxh7 Nxe3 0-1

[Event "14th HZ Open"]
[Site "Vlissingen NED"]
[Date "2010.08.09"]
[Round "4"]
[White "Laarhoven,T"]
[Black "Brandenburg,D"]
[Result "0-1"]
[WhiteElo "2223"]
[BlackElo "2514"]
[EventDate "2010.08.07"]

1. c4 e5 2. g3 c6 3. d4 exd4 4. Qxd4 d5 5. Bg2 Nf6 6. Nc3 dxc4 7. Qxc4 Be6
8. Qa4 Nbd7 9. Nf3 Nc5 10. Qc2 Be7 11. O-O O-O 12. Be3 h6 13. Rfd1 Qc8 14.
Nd4 Bh3 15. Bxh3 Qxh3 16. f3 Rfe8 17. Qf5 Qxf5 18. Nxf5 Ne6 19. Nxe7+ Rxe7
20. Bf2 Nd7 21. e4 g6 22. Kg2 f5 23. exf5 gxf5 24. Re1 Kf7 25. Rad1 h5 26.
Rd6 Nf6 27. Re5 Ng7 28. Rxe7+ Kxe7 29. Rd2 Ne6 30. Ne2 Kf7 31. Nd4 Rd8 32.
Nb3 Nd5 33. a3 c5 34. Rc2 b6 35. Rc4 Ne7 36. Rc2 Rd3 37. Nc1 Rd1 38. Ne2
Nc6 39. Nc3 Rd3 40. Ne2 Ne5 41. Nc1 Rd1 42. Ne2 Kf6 43. Be3 Nd4 44. Nc3
Nxc2 45. Nxd1 Ne1+ 46. Kf2 N1xf3 47. h3 Nd4 48. b4 Nd3+ 49. Kf1 Ke5 50.
bxc5 bxc5 51. Bh6 Ke4 52. Kg2 Ne2 53. Be3 a6 54. Bd2 c4 55. Ba5 Nc5 56. Kf2
Nd4 57. Nc3+ Kd3 58. Nd5 Ne4+ 59. Kg2 c3 60. Bxc3 Nxc3 61. Nb4+ Ke2 62.
Nxa6 Nd1 63. Nb4 Ne3+ 64. Kh2 Nf3+ 65. Kh1 Kf2 66. a4 Nc4 67. Nc6 Kxg3 68.
a5 Kxh3 69. a6 Nb6 70. a7 f4 71. Ne7 Na8 72. Nd5 Kg4 73. Kg2 Nh4+ 74. Kh2
Nf5 75. Nf6+ Kg5 76. Ne4+ Kh4 77. Nf2 Ne3 78. Ne4 f3 79. Kg1 Kg4 80. Kf2
Kf4 81. Nd2 0-1

[Event "14th HZ Open"]
[Site "Vlissingen NED"]
[Date "2010.08.09"]
[Round "4"]
[White "Van den Berg,Ad"]
[Black "Burg,T"]
[Result "0-1"]
[WhiteElo "2207"]
[BlackElo "2449"]
[EventDate "2010.08.07"]

1. e4 c6 2. Nc3 d5 3. Qf3 dxe4 4. Nxe4 Nd7 5. d4 Ngf6 6. c3 Nxe4 7. Qxe4
Nf6 8. Qc2 Bg4 9. Ne2 g6 10. Ng3 Bg7 11. Bd3 Qc7 12. O-O O-O 13. Bg5 Nd5
14. Rae1 Rae8 15. Re4 f5 16. Ree1 f4 17. Bxg6 hxg6 18. Qxg6 fxg3 19. Bh6
gxh2+ 20. Kh1 e5 21. Qxg4 exd4 22. cxd4 Nf6 0-1

[Event "14th HZ Open"]
[Site "Vlissingen NED"]
[Date "2010.08.09"]
[Round "4"]
[White "Kohlweyer,B"]
[Black "Nijs,N"]
[Result "1-0"]
[WhiteElo "2436"]
[BlackElo "2250"]
[EventDate "2010.08.07"]

1. d4 d5 2. c4 dxc4 3. Nf3 Nf6 4. e3 Bg4 5. Bxc4 e6 6. O-O Bd6 7. Nbd2 Nc6
8. h3 Bh5 9. Be2 O-O 10. Nc4 Ne4 11. Nfd2 Bxe2 12. Qxe2 Nxd2 13. Bxd2 f5
14. Rad1 Be7 15. b3 Qe8 16. Bc1 Rd8 17. Ba3 Bxa3 18. Nxa3 Rd5 19. Nb5 Qf7
20. Nc3 Rd7 21. Qb5 Rb8 22. Ne2 a6 23. Qc5 Rbd8 24. Rc1 Rd5 25. Qc3 e5 26.
dxe5 Rxe5 27. Rfd1 Red5 28. Rxd5 Rxd5 29. Nf4 Rd6 30. h4 Qd7 31. h5 Qf7 32.
a3 g5 33. hxg6 hxg6 34. b4 Qg7 35. Qc2 Qf7 36. Rd1 Rxd1+ 37. Qxd1 Kh7 38.
Qd5 Qe7 39. Ne6 Kh6 40. g4 Qd6 41. Qh1+ 1-0

[Event "14th HZ Open"]
[Site "Vlissingen NED"]
[Date "2010.08.09"]
[Round "4"]
[White "Freeke,M"]
[Black "Colijn,S"]
[Result "1/2-1/2"]
[WhiteElo "2315"]
[BlackElo "2174"]
[EventDate "2010.08.07"]

1. d4 Nf6 2. c4 e6 3. Nc3 d5 4. cxd5 exd5 5. Bg5 Be7 6. e3 O-O 7. Bd3 h6 8.
Bh4 Re8 9. Nf3 b6 10. O-O Bb7 11. Ne5 a6 12. Qf3 Nbd7 13. Rad1 Nxe5 14.
dxe5 Nd7 15. Bg3 c6 16. Qh5 Bc5 17. e4 Qg5 18. Qxg5 hxg5 19. exd5 Nxe5 20.
dxc6 Bxc6 21. Be4 Rac8 22. Bf5 Ra8 23. Ne4 Bxe4 24. Bxe4 Ra7 25. b3 g6 26.
h4 gxh4 27. Bxh4 Be7 28. Bg3 Bf6 29. Rd6 Re6 30. Rxe6 fxe6 31. Rd1 Kf7 32.
f3 Rd7 33. Rxd7+ Nxd7 34. Bf2 Nc5 35. Bc6 a5 36. Kf1 Ke7 37. Ke2 Kd6 38.
Bb5 g5 39. Ke3 Kd5 40. Bc4+ Kc6 41. f4 b5 42. Be2 a4 43. bxa4 Nxa4 1/2-1/2

[Event "14th HZ Open"]
[Site "Vlissingen NED"]
[Date "2010.08.09"]
[Round "4"]
[White "Fedorchuk,S"]
[Black "Meertens,Mart"]
[Result "1-0"]
[WhiteElo "2665"]
[BlackElo "2133"]
[EventDate "2010.08.07"]

1. e4 c5 2. Nf3 d6 3. d4 cxd4 4. Nxd4 Nf6 5. Nc3 a6 6. Qf3 g6 7. h3 Bg7 8.
Be3 O-O 9. O-O-O Bd7 10. g4 Nc6 11. Qg2 Nxd4 12. Bxd4 Rc8 13. f4 Qa5 14.
Qg1 Rxc3 15. Bxc3 Qxa2 16. Bd3 Rc8 17. Qb6 Bc6 18. Rhe1 Nd7 19. Qb4 Bxc3
20. Qxc3 Nc5 21. Bc4 Qa4 22. Rd4 Kf8 23. Bf1 1-0

[Event "14th HZ Open"]
[Site "Vlissingen NED"]
[Date "2010.08.09"]
[Round "4"]
[White "Hortensius,L"]
[Black "Afek,Y"]
[Result "0-1"]
[WhiteElo "2058"]
[BlackElo "2310"]
[EventDate "2010.08.07"]

1. e4 c5 2. Nf3 Nc6 3. d4 cxd4 4. Nxd4 g6 5. Nc3 Bg7 6. Be3 Nf6 7. Bc4 O-O
8. Bb3 d6 9. f3 Bd7 10. Qd2 Rc8 11. h4 h5 12. O-O-O Ne5 13. Bg5 Rc5 14. Kb1
b5 15. Nd5 Nxd5 16. Bxd5 Nc4 17. Qd3 Qe8 18. g4 hxg4 19. h5 e6 20. h6 Be5
21. f4 Kh7 22. Bxc4 bxc4 23. Qg3 Bh8 24. Qe3 Bc6 25. c3 Ba8 26. Rhg1 f5 27.
exf5 exf5 28. Qe7+ Qxe7 29. Bxe7 Be4+ 30. Ka1 Rf7 31. Bxd6 Rd5 32. Ne6
Rxd1+ 33. Rxd1 Bf6 34. Rd2 g3 35. Ng5+ Bxg5 36. fxg5 f4 37. Re2 f3 38. Re1
f2 0-1

[Event "14th HZ Open"]
[Site "Vlissingen NED"]
[Date "2010.08.09"]
[Round "4"]
[White "Wahedi,A"]
[Black "Kahleys,K"]
[Result "1-0"]
[WhiteElo "2295"]
[BlackElo "2071"]
[EventDate "2010.08.07"]

1. e4 e6 2. Qe2 Be7 3. g3 d5 4. d3 Nf6 5. e5 Nfd7 6. Bg2 c5 7. c4 Nc6 8.
Nf3 dxc4 9. dxc4 Qc7 10. Bf4 g5 11. Nxg5 Nd4 12. Qe4 Bxg5 13. Bxg5 Qxe5 14.
Qxe5 Nxe5 15. Bf6 Nef3+ 16. Bxf3 Nxf3+ 17. Ke2 Nd4+ 18. Kd3 Rg8 19. Bxd4
cxd4 20. Kxd4 Rg4+ 21. Kc3 b5 22. Nd2 bxc4 23. f3 Rg5 24. Ne4 Re5 25. Nd6+
Ke7 26. Nxc4 Re2 27. Kd3 Rg2 28. Rag1 Rf2 29. Ke3 Rc2 30. Rc1 Rg2 31. Rhd1
Bb7 32. Rd2 Rxd2 33. Nxd2 Kd7 34. Rc5 Bd5 35. a3 Rb8 36. b4 Rb7 37. Ne4
Bxe4 38. Kxe4 Kd6 39. g4 f6 40. h4 Rb8 41. Kd4 Rb7 42. Kc4 a6 43. Kb3 e5
44. h5 Rb8 45. Ka4 h6 46. Ka5 f5 47. gxf5 Rf8 48. Rc3 Kd5 49. Kxa6 Kd4 50.
Rc7 Rxf5 51. Rd7+ Kc4 52. b5 Rxf3 53. a4 Kb4 54. a5 Ra3 55. Rd5 Rxa5+ 56.
Kb6 Ra8 57. Rxe5 Rb8+ 58. Kc6 Ka5 59. Kd7 Rxb5 60. Ke6 Rxe5+ 61. Kxe5 Kb6
62. Kf6 Kc7 63. Kg6 Kd7 64. Kxh6 Ke8 65. Kg7 1-0

[Event "14th HZ Open"]
[Site "Vlissingen NED"]
[Date "2010.08.09"]
[Round "4"]
[White "Sandu,Mi"]
[Black "Van Eijndhoven,E"]
[Result "1/2-1/2"]
[WhiteElo "2261"]
[BlackElo "2063"]
[EventDate "2010.08.07"]

1. e4 e6 2. d4 d5 3. e5 c5 4. c3 Nc6 5. Nf3 Bd7 6. Be2 Qb6 7. O-O Nh6 8.
Na3 cxd4 9. cxd4 Nf5 10. Nc2 Rc8 11. g4 Nfe7 12. Nfe1 h5 13. gxh5 Nf5 14.
Be3 Qxb2 15. Rb1 Qxa2 16. Rxb7 Rb8 17. Rxb8+ Nxb8 18. Nd3 Nc6 19. Qb1 Qxb1
20. Rxb1 Kd8 21. Nc1 Nxe3 22. fxe3 Kc7 23. Na2 a5 24. Nc3 Nb4 25. Na3 Be7
26. Ncb5+ Kb6 27. Kf2 g6 28. hxg6 fxg6 29. Kg2 Rf8 30. Nd6 Bh4 31. Bf3 Be7
1/2-1/2

[Event "14th HZ Open"]
[Site "Vlissingen NED"]
[Date "2010.08.09"]
[Round "4"]
[White "Lukas,M"]
[Black "Provoost,S"]
[Result "1-0"]
[WhiteElo "2035"]
[BlackElo "2255"]
[EventDate "2010.08.07"]

1. e4 c5 2. Nc3 Nc6 3. g3 g6 4. Bg2 Bg7 5. d3 d6 6. Nge2 Nf6 7. h3 O-O 8.
Be3 Bd7 9. Qd2 Rb8 10. g4 b5 11. f4 b4 12. Nd1 a5 13. c4 a4 14. Rb1 Ne8 15.
f5 Ne5 16. O-O e6 17. Bg5 Nf6 18. Nf2 Bc6 19. Ng3 Qc7 20. Nfh1 d5 21. exd5
exd5 22. cxd5 Bxd5 23. Bxf6 Bxg2 24. Bxg7 Bxf1 25. Rxf1 Kxg7 26. f6+ Kh8
27. Qh6 Rg8 28. Ne4 Nd7 29. Ng5 Nf8 30. Re1 c4 31. Re7 Qc5+ 32. Nf2 Qd5 33.
Nxf7+ Qxf7 34. Rxf7 1-0

[Event "14th HZ Open"]
[Site "Vlissingen NED"]
[Date "2010.08.09"]
[Round "4"]
[White "Heltzel,J"]
[Black "Van der Borgt,P"]
[Result "1-0"]
[WhiteElo "2250"]
[BlackElo "2059"]
[EventDate "2010.08.07"]

1. d4 d5 2. c4 c6 3. Nf3 e6 4. Qc2 Nf6 5. g3 Bb4+ 6. Bd2 Qe7 7. Bg2 Nbd7 8.
O-O Bxd2 9. Nbxd2 e5 10. e4 dxe4 11. Nxe4 Nxe4 12. Qxe4 exd4 13. Rfe1 Qxe4
14. Rxe4+ Kf8 15. Rxd4 f6 16. Bh3 Ke7 17. Bxd7 c5 18. Re1+ Kd8 19. Rd5 1-0

[Event "14th HZ Open"]
[Site "Vlissingen NED"]
[Date "2010.08.09"]
[Round "4"]
[White "Soubirou,O"]
[Black "Hoolt,S"]
[Result "0-1"]
[WhiteElo "2034"]
[BlackElo "2245"]
[EventDate "2010.08.07"]

1. d4 Nf6 2. c4 c5 3. d5 e5 4. Nc3 d6 5. e4 Be7 6. Bd3 Na6 7. h3 O-O 8.
Nge2 Nc7 9. a4 Na6 10. g4 Nb4 11. Bb1 Ne8 12. O-O Bg5 13. f4 exf4 14. Bxf4
Bxf4 15. Nxf4 Nf6 16. e5 dxe5 17. Nd3 Nxd3 18. Qxd3 g6 19. Qe3 Qe7 20. Bc2
b6 21. Rae1 Nd7 22. Qh6 Ba6 23. b3 Rae8 24. Ne4 f6 25. Re2 Rf7 26. Ref2
Ref8 27. Ng3 Bc8 28. Be4 Rg7 29. Kh2 Nb8 30. Qh4 Nd7 31. Qh6 a6 32. Ne2 b5
33. axb5 axb5 34. cxb5 Nb6 35. Qh4 Rgf7 36. Nc3 Qd6 37. Kh1 Bb7 38. Rd2 f5
39. gxf5 gxf5 40. Rdf2 Nxd5 41. Nxd5 Bxd5 42. Bxd5 Qxd5+ 43. Kh2 f4 44.
Rg1+ Kh8 45. Qg5 f3 46. Rg3 Rd7 47. Rg4 Qd6 48. Re4 Re7 49. Qe3 Ref7 50. b6
Qxb6 51. Rxe5 Qb8 52. Kh1 Rg7 53. Rxf3 Qa8 54. Re4 Qa1+ 55. Kh2 Qb2+ 56.
Qe2 Qxe2+ 0-1

[Event "14th HZ Open"]
[Site "Vlissingen NED"]
[Date "2010.08.09"]
[Round "4"]
[White "Meulblok,W"]
[Black "Fuchs,Ju"]
[Result "0-1"]
[WhiteElo "2024"]
[BlackElo "2232"]
[EventDate "2010.08.07"]

1. e4 c6 2. d4 d5 3. exd5 cxd5 4. c4 Nf6 5. Nc3 Nc6 6. Nf3 e6 7. Bg5 Be7 8.
Be2 O-O 9. O-O dxc4 10. Bxc4 b6 11. a3 Bb7 12. Re1 Rc8 13. Ba2 Nd5 14. Bd2
Nxc3 15. Bxc3 Bf6 16. Rc1 Ne7 17. Qd3 Nd5 18. Bd2 Qd6 19. Ne5 Rxc1 20. Bxc1
Rc8 21. Ng4 Be7 22. Bb1 g6 23. Qg3 Qxg3 24. hxg3 h5 25. Ne5 Kg7 26. f4 Rd8
27. Kh2 Nf6 28. Rd1 Bd6 29. Re1 Bc7 30. Kh1 Rxd4 31. b4 Bxe5 32. Bb2 0-1

[Event "14th HZ Open"]
[Site "Vlissingen NED"]
[Date "2010.08.09"]
[Round "4"]
[White "Ten Hagen,Y"]
[Black "Reyniers,P"]
[Result "1-0"]
[WhiteElo "2227"]
[BlackElo "2055"]
[EventDate "2010.08.07"]

1. d4 d5 2. c4 c6 3. Nf3 Nf6 4. e3 a6 5. b3 Bf5 6. Bb2 Nbd7 7. Bd3 Bxd3 8.
Qxd3 e6 9. O-O Bd6 10. Nbd2 Qb8 11. e4 dxe4 12. Nxe4 Nxe4 13. Qxe4 O-O 14.
Rad1 a5 15. d5 cxd5 16. cxd5 e5 17. Rfe1 Re8 18. Qf5 Re7 19. Ng5 Nf8 20.
Ne4 f6 21. Rd3 a4 22. h4 axb3 23. axb3 Bb4 24. Red1 Qc8 25. Nxf6+ gxf6 26.
Qxf6 Ra6 27. d6 Re6 28. Qg5+ Rg6 29. Qxe5 Raxd6 30. Rxd6 Bxd6 31. Rxd6 Qg4
32. Qd5+ Re6 33. Rd8 Qe2 34. Qd4 1-0

[Event "14th HZ Open"]
[Site "Vlissingen NED"]
[Date "2010.08.09"]
[Round "4"]
[White "Admiraal,M"]
[Black "Van Overdam,Ja"]
[Result "1-0"]
[WhiteElo "2221"]
[BlackElo "2037"]
[EventDate "2010.08.07"]

1. e4 c5 2. Nf3 g6 3. d4 cxd4 4. Nxd4 Nc6 5. Nc3 Bg7 6. Be3 Nf6 7. Bc4 O-O
8. Bb3 a5 9. O-O d6 10. Ndb5 Be6 11. Re1 Bxb3 12. axb3 Nd7 13. Qe2 b6 14.
Red1 Nc5 15. Bg5 Qd7 16. Qe3 Nb4 17. Rd2 f6 18. Bh4 Qg4 19. Bg3 Rac8 20.
Re1 Qe6 21. Nd4 Qd7 22. h4 h5 23. f4 Bh6 24. Qf3 Qe8 25. Rde2 Qf7 26. f5 g5
27. hxg5 Bxg5 28. Nd5 Nxd5 29. exd5 Rfe8 30. Nc6 Kf8 31. Rxe7 Rxe7 32. Rxe7
Qxe7 33. Nxe7 Kxe7 34. Qxh5 Rd8 35. Bh4 Bxh4 36. Qh7+ Ke8 37. Qxh4 Nd7 38.
Qh8+ Ke7 39. Qg7+ Ke8 40. c4 Rc8 41. Qh8+ 1-0

[Event "14th HZ Open"]
[Site "Vlissingen NED"]
[Date "2010.08.09"]
[Round "4"]
[White "In 't Veld,D"]
[Black "Verstraeten,R"]
[Result "1-0"]
[WhiteElo "2205"]
[BlackElo "2011"]
[EventDate "2010.08.07"]

1. e4 c5 2. Nf3 d6 3. d4 cxd4 4. Nxd4 Nf6 5. Nc3 a6 6. Be3 Ng4 7. Bg5 h6 8.
Bh4 g5 9. Bg3 Bg7 10. Be2 h5 11. h4 gxh4 12. Rxh4 Nc6 13. Nb3 Be6 14. Qd2
Rc8 15. Qg5 Bh6 16. Rxh5 Bxg5 17. Rxh8+ Kd7 18. Rxd8+ Kxd8 19. Nd5 Nf6 20.
Nxf6 Bxf6 21. c3 b5 22. Kd2 Ne5 23. Nd4 Nc4+ 24. Bxc4 Bxc4 25. Nf3 Rc5 26.
b4 Rh5 27. a4 Bg7 28. Bf4 bxa4 29. Rxa4 Rh1 30. Ra5 Rf1 31. Be3 Kd7 32. Kc2
Be2 33. Nd2 Rd1 34. c4 Rxd2+ 35. Bxd2 Bxc4 36. Bc3 Bxc3 37. Kxc3 Bb5 38.
Ra1 e5 39. Rh1 Bc6 40. Kd3 d5 41. exd5 Bxd5 42. f3 Bc6 43. Rh6 f5 44. g4 f4
45. Rxc6 Kxc6 46. Ke4 Kd6 47. g5 Ke6 48. g6 Kf6 49. g7 Kxg7 50. Kxe5 Kg6
51. Kxf4 Kf6 52. Ke4 Ke6 53. Kd4 1-0

[Event "14th HZ Open"]
[Site "Vlissingen NED"]
[Date "2010.08.09"]
[Round "4"]
[White "Colijn,E"]
[Black "Balje,J"]
[Result "1/2-1/2"]
[WhiteElo "1994"]
[BlackElo "2204"]
[EventDate "2010.08.07"]

1. e4 c5 2. a3 g6 3. b4 Bg7 4. Nc3 b6 5. Bb2 d6 6. f4 Nf6 7. e5 Bg4 8. Be2
Bxe2 9. Qxe2 dxe5 10. fxe5 Nfd7 11. Nf3 Nf8 12. O-O Ne6 13. Qe4 Nd7 14. Nd5
O-O 1/2-1/2

[Event "14th HZ Open"]
[Site "Vlissingen NED"]
[Date "2010.08.09"]
[Round "4"]
[White "Duchene,R"]
[Black "Roggeveen,W"]
[Result "1-0"]
[WhiteElo "2204"]
[BlackElo "2008"]
[EventDate "2010.08.07"]

1. c4 e6 2. Nc3 d5 3. d4 c6 4. Bf4 Nf6 5. e3 Nbd7 6. cxd5 exd5 7. Bd3 Be7
8. h3 Nf8 9. Nf3 Bd7 10. Qc2 Ne6 11. Be5 Rc8 12. Rd1 h6 13. Nh4 c5 14. Nf5
c4 15. Be2 Bf8 16. O-O Ng5 17. Ng3 Bc6 18. e4 dxe4 19. Bxc4 b5 20. Nxb5 Nd7
21. Nxa7 Bb7 22. Nxc8 Qxc8 23. Qb3 Qa8 24. h4 e3 25. hxg5 Bxg2 26. Bc7 Bxf1
27. Bxf7+ Ke7 28. Nf5+ 1-0

[Event "14th HZ Open"]
[Site "Vlissingen NED"]
[Date "2010.08.09"]
[Round "4"]
[White "Onrust,B"]
[Black "Van Veen,O"]
[Result "0-1"]
[WhiteElo "1972"]
[BlackElo "2199"]
[EventDate "2010.08.07"]

1. e4 e5 2. Nf3 Nc6 3. Nc3 Nf6 4. Bb5 Bd6 5. O-O O-O 6. Re1 Re8 7. d3 h6 8.
a3 Bf8 9. h3 a6 10. Bc4 d6 11. Be3 b5 12. Bb3 Bb7 13. Nd5 Nb8 14. d4 Nxd5
15. Bxd5 Bxd5 16. exd5 Qd7 17. c4 b4 18. a4 e4 19. Nd2 c6 20. dxc6 Nxc6 21.
d5 Ne5 22. Bd4 f5 23. b3 g6 24. Nf1 Bg7 25. Re2 Bf6 26. Raa2 Qg7 27. Ba1 a5
28. Nd2 Kf7 29. Kf1 h5 30. f3 exf3 31. Nxf3 Nxf3 32. Bxf6 Qxf6 33. gxf3 Qc3
34. Kf2 Qf6 35. Rxe8 Rxe8 36. Re2 Qh4+ 37. Kg2 f4 38. Rxe8 Qg3+ 39. Kf1
Qxh3+ 40. Kf2 Qh2+ 41. Kf1 Qh1+ 42. Ke2 Qxd1+ 43. Kxd1 Kxe8 44. Ke2 g5 45.
Kd2 g4 0-1

[Event "14th HZ Open"]
[Site "Vlissingen NED"]
[Date "2010.08.09"]
[Round "4"]
[White "Dek,L"]
[Black "Sparreboom,W"]
[Result "1-0"]
[WhiteElo "2199"]
[BlackElo "1974"]
[EventDate "2010.08.07"]

1. e4 e6 2. Qe2 d5 3. exd5 Qxd5 4. Nc3 Qd8 5. Nf3 Nf6 6. g4 g6 7. g5 Nh5 8.
Ne4 Nd7 9. d3 b6 10. Bh3 Be7 11. Bg4 Ng7 12. Bd2 f5 13. gxf6 Nxf6 14. Bc3
O-O 15. Rg1 Nxg4 16. Rxg4 Nh5 17. Ne5 Qe8 18. O-O-O Nf6 19. Nxf6+ Rxf6 20.
Qe4 Rb8 21. Nc6 Bb7 22. Nxe7+ Qxe7 23. Bxf6 Qxf6 24. Qe3 Rf8 25. Rdg1 Bf3
26. R4g3 Qf4 27. Qxf4 Rxf4 28. Kd2 Bc6 29. Ke3 Rh4 30. Rg4 Rxg4 31. Rxg4
Be8 32. Kd4 Kf7 33. Ke5 Ke7 34. Rh4 h5 35. Rc4 c6 36. h4 b5 37. Rc5 g5 38.
hxg5 h4 39. Kf4 h3 40. Kg3 Kd6 41. d4 Bd7 42. Re5 c5 43. Rxc5 1-0

[Event "14th HZ Open"]
[Site "Vlissingen NED"]
[Date "2010.08.09"]
[Round "4"]
[White "Vroombout,E"]
[Black "Van de Groep,W"]
[Result "1/2-1/2"]
[WhiteElo "2170"]
[BlackElo "1970"]
[EventDate "2010.08.07"]

1. e4 e6 2. d4 d5 3. Nc3 Nf6 4. e5 Nfd7 5. f4 c5 6. Nf3 Nc6 7. Be3 a6 8.
Qd2 cxd4 9. Nxd4 Bc5 10. O-O-O O-O 11. h4 Nxd4 12. Bxd4 b5 13. Rh3 b4 14.
Na4 Bxd4 15. Qxd4 a5 16. Bb5 Qc7 17. b3 f6 18. exf6 Nxf6 19. Rf3 Ba6 20.
Bxa6 Rxa6 21. Kb1 Ne4 22. f5 Rc8 23. fxe6 Qxc2+ 24. Ka1 Rxe6 25. Qxd5 Kh8
26. Rdf1 Ree8 27. Qf7 h6 28. Qg6 Qd2 1/2-1/2

[Event "14th HZ Open"]
[Site "Vlissingen NED"]
[Date "2010.08.09"]
[Round "4"]
[White "Kuijpers,J"]
[Black "De Wolf,J"]
[Result "1/2-1/2"]
[WhiteElo "1949"]
[BlackElo "2152"]
[EventDate "2010.08.07"]

1. d4 Nf6 2. e3 d5 3. Bd3 c5 4. Nf3 Nc6 5. c3 Bg4 6. Nbd2 e6 7. Bb5 Nd7 8.
Qa4 Qc7 9. Ne5 Ndxe5 10. dxe5 Bh5 11. O-O Be7 12. e4 O-O 13. f4 Rad8 14.
Bxc6 bxc6 15. h3 Be2 16. Re1 Bd3 17. c4 f6 18. exd5 exd5 19. Qb3 Bg6 20.
Nf3 Rb8 21. Qa4 Rb4 22. Qd1 Rxc4 23. b3 Re4 24. Rf1 fxe5 25. Nxe5 Be8 26.
g3 Bf6 27. Bb2 Re3 28. Kg2 d4 29. Ng4 Re7 30. Rc1 Bf7 31. Nxf6+ gxf6 32.
Rxc5 Bd5+ 33. Rxd5 cxd5 34. Ba3 Re4 35. Qg4+ Kf7 36. Qh5+ Kg7 37. Qg4+ Kf7
38. Qh5+ 1/2-1/2

[Event "14th HZ Open"]
[Site "Vlissingen NED"]
[Date "2010.08.09"]
[Round "4"]
[White "Wittenberg,A"]
[Black "Gawle,I"]
[Result "1-0"]
[WhiteElo "2143"]
[BlackElo "1951"]
[EventDate "2010.08.07"]

1. d4 Nf6 2. Nf3 g6 3. g3 Bg7 4. Bg2 O-O 5. O-O d6 6. b3 c5 7. Bb2 Nc6 8.
d5 Nb4 9. c4 Bf5 10. a3 Na6 11. Nfd2 Qc8 12. Re1 Rb8 13. Nc3 Nc7 14. e4 Bh3
15. Qe2 a6 16. a4 Bxg2 17. Kxg2 e5 18. a5 Nh5 19. Na4 Bh6 20. Nb6 Qd8 21.
Bc3 Ne8 22. Nf1 Neg7 23. Ne3 f5 24. exf5 gxf5 25. f3 Qg5 26. Qf1 Rf7 27.
Kh1 Rbf8 28. Ng2 Nf6 29. Ra2 Qh5 30. b4 Ne4 31. fxe4 fxe4 32. Qg1 Qh3 33.
bxc5 Rf3 34. cxd6 Nh5 35. Bxe5 Bf4 36. Bxf4 R8xf4 37. Nxf4 1-0